000 01233cam a2200337 a 4500
999 _c522606
_d522606
001 195629
003 NUST
005 20181210051521.0
008 990225s1998 pk b 001 0 eng
010 _a 98930693
020 _a969832903X
025 _aP-E-98930693; 08
035 _a(DLC) 98930693
038 _awaseem
040 _aDLC
_cDLC
_dDLC
042 _alcode
043 _aa-ii---
050 0 0 _aKZ4430
_b.H87 1998
082 _a341.4206546
_bHUS
100 1 _aHussain, Ijaz.
_912657
245 1 0 _aKashmir dispute :
_ban international law perspective /
_cIjaz Hussain.
260 _aIslamabad :
_bQuaid-i Azam Chair, National Institute of Pakistan Studies, Quaid-i- Azam University, Islamabad,
_cc1998.
300 _axiii, 309 p. ;
_c23 cm.
504 _aIncludes bibliographical references (p. [281]-293) and index.
651 0 _aJammu and Kashmir (India)
_xInternational status.
_912658
651 0 _aJammu and Kashmir (India)
_xPolitics and government.
_91759
710 2 _aNational Institute of Pakistan Studies.
_bQuaid-i-Azam Chair.
_912659
906 _a7
_bcbc
_corigode
_d3
_encip
_f19
_gy-gencatlg
942 _2ddc
_cBK